Zelená ekonomika - potenciál udržateľného rozvoja ekonomiky
Podpora trvalo udržateľného rastu a efektívneho využívania prírodných zdrojov. Prechod na nízkouhlíkové hospodárstvo. Zelená ekonomika a jej hlavné ciele.
Gespeichert in:
| 1. Verfasser: | |
|---|---|
| Weitere Verfasser: | |
| Format: | Buchkapitel |
| Sprache: | Slowakisch |
| Schlagworte: | |
| Tags: |
Keine Tags, Fügen Sie das erste Tag hinzu!
|
MARC
| LEADER | 00000naa a2200000 4500 | ||
|---|---|---|---|
| 001 | 0196563 | ||
| 005 | 20240502073319.1 | ||
| 041 | 0 | |a slo | |
| 044 | |a SK | ||
| 245 | 1 | 0 | |a Zelená ekonomika - potenciál udržateľného rozvoja ekonomiky |c Ingrid Šabíková, Anton Čiernik |
| 520 | |a Podpora trvalo udržateľného rastu a efektívneho využívania prírodných zdrojov. Prechod na nízkouhlíkové hospodárstvo. Zelená ekonomika a jej hlavné ciele. | ||
| 610 | 2 | 0 | |a ekonomika environmentálna |
| 610 | 2 | 0 | |a rozvoj trvalo udržateľný |
| 610 | 2 | 0 | |a Slovensko |
| 610 | 2 | 0 | |a konvergencia |
| 610 | 2 | 0 | |a krajiny vyspelé |
| 610 | 2 | 0 | |a porovnanie medzinárodné |
| 100 | 1 | |a Šabíková, Ingrid | |
| 700 | 1 | |a Čiernik, Anton | |